[Event "Oceania zt 3.6"]
[Site "Melbourne"]
[Date "2023.01.27"]
[Round "7"]
[White "Bayaca, Sterling"]
[Black "Rujevic, Mirko"]
[Result "1-0"]
[WhiteElo "2054"]
[BlackElo "2141"]
[PlyCount "102"]
[EventDate "2023.01.23"]
[EventType "swiss"]
[EventRounds "9"]
[EventCountry "AUS"]
[SourceTitle "CBM 212 Extra"]
[Source "ChessBase"]
[SourceDate "2023.03.31"]
[SourceVersion "1"]
[SourceVersionDate "2023.03.31"]
[SourceQuality "1"]

1. e4 e5 2. Nf3 Nc6 3. Bb5 a6 4. Ba4 Nf6 5. 0-0 Be7 6. d3 b5 7. Bb3 d6 8. c3 0-0 9. Bc2 Bg4 10. h3 Bh5 11. Re1 Re8 12. Nbd2 d5 13. Nf1 dxe4 14. dxe4 Qxd1 15. Bxd1 Bg6 16. Ng3 Bc5 17. Bb3 Rad8 18. Nh4 Na5 19. Bc2 Nc4 20. a4 b4 21. a5 Nd6 22. Ba4 Rf8 23. Bg5 Rb8 24. Nhf5 Bxf5 25. exf5 bxc3 26. bxc3 Rb2 27. Be3 Bxe3 28. Rxe3 Nd5 29. Rxe5 Nxc3 30. Bc6 Rfb8 31. Re7 Rc2 32. Bf3 Ncb5 33. Rb1 Kf8 34. Ree1 Re8 35. Rxe8+ Kxe8 36. f6 gxf6 37. Ne4 Ke7 38. Re1 Nxe4 39. Bxe4 Rc5 40. Bb7+ Re5 41. Rxe5+ fxe5 42. Bxa6 Na7 43. Bd3 h6 44. g4 f6 45. Kg2 Kd6 46. Kg3 Kd5 47. Kh4 c5 48. Kh5 c4 49. Bb1 c3 50. Kxh6 Ke6 51. Kg7 Kd5 1-0

[Event "Australian op"]
[Site "Melbourne"]
[Date "2018.12.30"]
[Round "6"]
[White "Clarke, Brandon GI"]
[Black "Rujevic, Mirko"]
[Result "1-0"]
[WhiteElo "2386"]
[BlackElo "2092"]
[PlyCount "83"]
[EventDate "2018.12.27"]
[EventType "swiss"]
[EventRounds "9"]
[EventCountry "AUS"]
[SourceTitle "CBM 188 Extra"]
[Source "ChessBase"]
[SourceDate "2019.02.26"]
[SourceVersion "1"]
[SourceVersionDate "2019.02.26"]
[SourceQuality "1"]

1. e4 e5 2. Nf3 Nc6 3. Bb5 a6 4. Ba4 Nf6 5. 0-0 Be7 6. Re1 b5 7. Bb3 d6 8. c3 0-0 9. h3 Na5 10. Bc2 c5 11. d4 Qc7 12. Nbd2 cxd4 13. cxd4 Nc6 14. Nb3 a5 15. Be3 Nb4 16. Bb1 Bb7 17. a3 Na6 18. d5 a4 19. Nbd2 Nc5 20. Nh2 Rfc8 21. Qf3 Qa5 22. Nhf1 Ba6 23. Bxc5 Rxc5 24. Bd3 b4 25. Bxa6 Rxa6 26. Rec1 b3 27. Qd1 Ra8 28. Rxc5 Qxc5 29. Rc1 Qd4 30. Ng3 g6 31. Ne2 Qd3 32. Rc3 Qb5 33. Rc4 Bd8 34. Nc3 Qd7 35. Rc6 Ba5 36. Nxa4 Bxd2 37. Nb6 Qb7 38. Nxa8 Ba5 39. Qc1 Kg7 40. Nc7 Bb6 41. Kh2 Bd4 42. Ne6+ 1-0

[Event "Australian Masters IM"]
[Site "Melbourne"]
[Date "2016.12.18"]
[Round "9"]
[White "Ang, Alphaeus Wei Ern"]
[Black "Rujevic, Mirko"]
[Result "1-0"]
[WhiteElo "2250"]
[BlackElo "2186"]
[PlyCount "69"]
[EventDate "2016.12.10"]
[EventType "tourn"]
[EventRounds "9"]
[EventCountry "AUS"]
[SourceTitle "CBM 176 Extra"]
[Source "ChessBase"]
[SourceDate "2017.03.02"]
[SourceVersion "1"]
[SourceVersionDate "2017.03.02"]
[SourceQuality "1"]

1. d4 d5 2. c4 c6 3. Nc3 Nf6 4. Nf3 e6 5. Bg5 h6 6. Bxf6 Qxf6 7. e3 Nd7 8. Bd3 dxc4 9. Bxc4 Bd6 10. 0-0 Qe7 11. Rc1 0-0 12. Qe2 e5 13. Ne4 Bc7 14. d5 cxd5 15. Bxd5 Nb6 16. Bb3 Bg4 17. h3 Bh5 18. Ng3 Bg6 19. Nh4 Qxh4 20. Rxc7 Rab8 21. Qb5 Qf6 22. Rd1 h5 23. Qb4 Rfc8 24. Rd6 Rxc7 25. Rxf6 gxf6 26. Qd6 Rc1+ 27. Kh2 Re8 28. Qxf6 Rc6 29. Qg5 Kf8 30. f4 exf4 31. exf4 Bc2 32. Bxc2 Rxc2 33. Nf5 Ree2 34. Qd8+ Re8 35. Qf6 1-0

[Event "Australian Masters IM"]
[Site "Melbourne"]
[Date "2016.12.10"]
[Round "1"]
[White "Rujevic, Mirko"]
[Black "Stojic, Dusan"]
[Result "0-1"]
[WhiteElo "2186"]
[BlackElo "2225"]
[PlyCount "116"]
[EventDate "2016.12.10"]
[EventType "tourn"]
[EventRounds "9"]
[EventCountry "AUS"]
[SourceTitle "CBM 176 Extra"]
[Source "ChessBase"]
[SourceDate "2017.03.02"]
[SourceVersion "1"]
[SourceVersionDate "2017.03.02"]
[SourceQuality "1"]

1. e4 c5 2. Nf3 d6 3. d4 cxd4 4. Nxd4 Nf6 5. Nc3 a6 6. Be2 e5 7. Nb3 Be7 8. a4 0-0 9. 0-0 Qc7 10. Bg5 Nbd7 11. Bg4 h6 12. Bxd7 Bxd7 13. Bxf6 Bxf6 14. Nd5 Qd8 15. Qf3 Bg5 16. g3 Bh3 17. Rfe1 f5 18. exf5 Bxf5 19. Qe2 Rc8 20. c3 Qe8 21. Nd2 Qf7 22. Ne3 Be6 23. h4 Bxe3 24. Qxe3 d5 25. f4 e4 26. Nf3 Rce8 27. Nd4 Bd7 28. Rf1 Qh5 29. Rf2 Rf7 30. a5 Ref8 31. Rh2 Rf6 32. Rf1 Bg4 33. Rff2 Qe8 34. Rf1 Qd7 35. Rd2 Rg6 36. Kh2 Rgf6 37. Rff2 Qf7 38. c4 g5 39. cxd5 gxh4 40. gxh4 Qxd5 41. f5 Qe5+ 42. Qg3 Qxg3+ 43. Kxg3 e3 44. Kxg4 exd2 45. Rxd2 Rd6 46. Kf4 Kf7 47. Nf3 Rxd2 48. Nxd2 Rd8 49. Ne4 Rd5 50. b4 Rd4 51. Ke5 Rxb4 52. Nd6+ Kf8 53. h5 b6 54. axb6 Rxb6 55. Nc4 Rb5+ 56. Ke6 a5 57. Ne5 Rxe5+ 58. Kxe5 Kf7 0-1

[Event "Begonia op 50th"]
[Site "Ballarat"]
[Date "2016.03.13"]
[Round "3"]
[White "McClymont, Brodie"]
[Black "Rujevic, Mirko"]
[Result "1-0"]
[WhiteElo "2347"]
[BlackElo "2242"]
[PlyCount "78"]
[EventDate "2016.03.12"]
[EventType "swiss"]
[EventRounds "7"]
[EventCountry "AUS"]
[SourceTitle "CBM 171 Extra"]
[Source "ChessBase"]
[SourceDate "2016.04.26"]
[SourceVersion "1"]
[SourceVersionDate "2016.04.26"]
[SourceQuality "1"]

1. e4 e5 2. Nf3 Nc6 3. Bb5 a6 4. Ba4 Nf6 5. 0-0 Be7 6. Re1 b5 7. Bb3 0-0 8. a4 Bb7 9. d3 d6 10. Nbd2 Na5 11. Ba2 c5 12. Nf1 Bc8 13. axb5 axb5 14. Bd2 Bd7 15. b4 cxb4 16. Bxb4 Nc6 17. Bd2 Qb8 18. Ne3 Bd8 19. c3 Bb6 20. Nf5 Bxf5 21. exf5 Ne7 22. Ng5 Nxf5 23. Qf3 Nh6 24. Ne4 Nhg4 25. Nxf6+ Nxf6 26. Bg5 Ra4 27. Bb3 Rxa1 28. Rxa1 Qc7 29. Bxf6 Qxc3 30. Bxf7+ Kh8 31. Rb1 Qc2 32. Ra1 Qc3 33. Rb1 Qc2 34. Rf1 Qc7 35. Bb3 gxf6 36. Qf5 Qc8 37. Be6 Qc5 38. h4 Qd4 39. g3 d5 1-0

[Event "AUS-ch"]
[Site "Melbourne"]
[Date "2016.01.12"]
[Round "11"]
[White "Rujevic, Mirko"]
[Black "Puccini, Jack"]
[Result "0-1"]
[WhiteElo "2252"]
[BlackElo "2192"]
[PlyCount "66"]
[EventDate "2016.01.02"]
[EventType "swiss"]
[EventRounds "11"]
[EventCountry "AUS"]
[SourceTitle "CBM 170 Extra"]
[Source "ChessBase"]
[SourceDate "2016.02.25"]
[SourceVersion "1"]
[SourceVersionDate "2016.02.25"]
[SourceQuality "1"]

1. e4 c5 2. Nc3 a6 3. Nf3 d6 4. d4 cxd4 5. Nxd4 Nf6 6. Bg5 Nbd7 7. a4 e6 8. Be2 Be7 9. 0-0 Nc5 10. Bf3 0-0 11. Re1 Qc7 12. Qd2 Rb8 13. g3 Rd8 14. a5 b5 15. axb6 Qxb6 16. b3 Bb7 17. b4 Ncd7 18. Na4 Qc7 19. Bg2 h6 20. Bf4 e5 21. Nf5 Bf8 22. Be3 Nxe4 23. Qd3 d5 24. c3 Bc6 25. Rec1 Nef6 26. Qd2 Ng4 27. Bxd5 Ndf6 28. c4 Bxb4 29. Qe2 Nxe3 30. Nxe3 Bxa4 31. Rxa4 Nxd5 32. Nxd5 Rxd5 33. Rb1 Rd2 0-1

[Event "Australian Masters IM"]
[Site "Melbourne"]
[Date "2015.12.19"]
[Round "8"]
[White "Rujevic, Mirko"]
[Black "Bjelobrk, Igor"]
[Result "1/2-1/2"]
[WhiteElo "2231"]
[BlackElo "2367"]
[PlyCount "108"]
[EventDate "2015.12.12"]
[EventType "tourn"]
[EventRounds "9"]
[EventCountry "AUS"]
[EventCategory "1"]
[SourceTitle "EXT 2017"]
[Source "ChessBase"]
[SourceDate "2016.10.25"]
[SourceVersion "1"]
[SourceVersionDate "2016.10.25"]
[SourceQuality "1"]

1. e4 c5 2. Nc3 e6 3. Nf3 a6 4. d4 cxd4 5. Nxd4 Qc7 6. Bd3 Nf6 7. Qe2 d6 8. 0-0 Be7 9. a4 b6 10. f4 Bb7 11. Be3 Nbd7 12. Rae1 Nc5 13. Bd2 0-0 14. Nf3 e5 15. Qf2 d5 16. fxe5 Nfxe4 17. Qe2 Rae8 18. Kh1 f5 19. exf6 Bxf6 20. Nxe4 Nxe4 21. Be3 Bxb2 22. Bxa6 Nc3 23. Qd3 Nxa4 24. Bxb7 Qxb7 25. Qb5 Qa8 26. Bd4 Rxe1 27. Rxe1 Bxd4 28. Nxd4 Qa5 29. Qxa5 bxa5 30. Nc6 Nc3 31. Kg1 a4 32. Re3 Nb1 33. Ne7+ Kf7 34. Nxd5 Ra8 35. Re1 Rb8 36. Re7+ Kg6 37. Ra7 a3 38. Nf4+ Kf5 39. Nd3 Ke4 40. Rxg7 a2 41. Ra7 Nc3 42. Nc5+ Ke3 43. Nb3 Rd8 44. Re7+ Ne4 45. h4 Rd1+ 46. Kh2 Rb1 47. Ra7 Rb2 48. Nc1 Nc3 49. Nxa2 Rxa2 50. Rxh7 Rxc2 51. Rc7 Kd4 52. Kh3 Rc1 53. Rf7 Nd5 54. Rf3 Ke4 1/2-1/2

[Event "Australian Masters IM"]
[Site "Melbourne"]
[Date "2015.12.18"]
[Round "7"]
[White "Gorka, Carl"]
[Black "Rujevic, Mirko"]
[Result "0-1"]
[WhiteElo "2166"]
[BlackElo "2231"]
[PlyCount "94"]
[EventDate "2015.12.12"]
[EventType "tourn"]
[EventRounds "9"]
[EventCountry "AUS"]
[EventCategory "1"]
[SourceTitle "EXT 2017"]
[Source "ChessBase"]
[SourceDate "2016.10.25"]
[SourceVersion "1"]
[SourceVersionDate "2016.10.25"]
[SourceQuality "1"]

1. e4 e5 2. Nc3 Bc5 3. g3 Nc6 4. Bg2 Nf6 5. Nge2 d6 6. Nd5 Nxd5 7. exd5 Ne7 8. c3 Bg4 9. h3 Bh5 10. g4 Bg6 11. d4 exd4 12. Nxd4 h5 13. Be3 Qd7 14. Qe2 hxg4 15. hxg4 0-0-0 16. Nc6 Rxh1+ 17. Bxh1 Re8 18. Nd4 Ng8 19. Rd1 Nf6 20. Bf3 Be4 21. g5 Bxf3 22. Qxf3 Ng4 23. Kd2 Ne5 24. Qe2 Qa4 25. Ra1 Bxd4 26. cxd4 Nc4+ 27. Kc3 Qa5+ 28. b4 Qa3+ 29. Kxc4 a6 30. Qg4+ Kb8 31. b5 axb5+ 32. Kxb5 Qb2+ 33. Kc4 Qxa1 34. Qd7 Qxa2+ 35. Kd3 Qb1+ 36. Kd2 Qe4 37. Qxf7 g6 38. Kc3 Re7 39. Qg8+ Ka7 40. Kb4 Qd3 41. Qh8 c5+ 42. dxc6 bxc6 43. d5+ c5+ 44. Bxc5+ dxc5+ 45. Kxc5 Qa3+ 46. Kc4 Rc7+ 47. Kb5 Rc5# 0-1

[Event "Australian Masters IM"]
[Site "Melbourne"]
[Date "2015.12.13"]
[Round "2"]
[White "Wallis, Christopher"]
[Black "Rujevic, Mirko"]
[Result "1/2-1/2"]
[WhiteElo "2305"]
[BlackElo "2231"]
[PlyCount "209"]
[EventDate "2015.12.12"]
[EventType "tourn"]
[EventRounds "9"]
[EventCountry "AUS"]
[EventCategory "1"]
[SourceTitle "EXT 2017"]
[Source "ChessBase"]
[SourceDate "2016.10.25"]
[SourceVersion "1"]
[SourceVersionDate "2016.10.25"]
[SourceQuality "1"]

1. e4 e5 2. Nf3 Nc6 3. Bb5 a6 4. Bxc6 dxc6 5. 0-0 Bg4 6. h3 h5 7. d3 Bxf3 8. Qxf3 Ne7 9. Nd2 Ng6 10. Nc4 Be7 11. Bd2 Bf6 12. Na5 Qc8 13. Qe2 c5 14. a4 b6 15. Nc4 Qd7 16. Kh1 Rd8 17. f4 exf4 18. Bxf4 b5 19. axb5 axb5 20. e5 Qe6 21. Qf3 Be7 22. Nd2 Nxf4 23. Qxf4 0-0 24. Nf3 Ra8 25. b3 Qd5 26. Rae1 Ra2 27. Re2 Qe6 28. Qe4 Rd8 29. Ref2 Rf8 30. d4 c6 31. dxc5 Bxc5 32. Ng5 Qg6 33. Qxg6 fxg6 34. Rxf8+ Bxf8 35. Ne6 Be7 36. Nd4 Bc5 37. Nxc6 Rxc2 38. e6 Re2 39. Rc1 Ba3 40. Ra1 Rxe6 41. Nd4 Re4 42. Nxb5 Be7 43. Nc3 Re5 44. Rd1 Kf7 45. Nd5 Ba3 46. Nb6 Rb5 47. Nc4 Rxb3 48. Nxa3 Rxa3 49. Kh2 g5 50. Rb1 Ra4 51. Rb6 Re4 52. Kg3 Re6 53. Rb7+ Kf6 54. Kf3 g6 55. Ra7 Rb6 56. Ra5 Rb3+ 57. Kf2 Rb4 58. Kf3 g4+ 59. hxg4 Rxg4 60. Ra6+ Kg5 61. g3 Rd4 62. Ra5+ Kf6 63. Ra6+ Kf5 64. Ra5+ Ke6 65. Ra6+ Kf7 66. Rb6 Kg7 67. Ra6 Kh6 68. Rb6 Rd3+ 69. Kf4 Rd1 70. Kf3 Rf1+ 71. Kg2 Rf5 72. Rb4 Kg5 73. Ra4 Rb5 74. Rc4 Kf5 75. Rf4+ Ke5 76. Ra4 g5 77. Ra2 Kf5 78. Rc2 Rd5 79. Re2 Re5 80. Ra2 Rc5 81. Rb2 Ke4 82. Ra2 Rd5 83. Kf2 g4 84. Rb2 Kd3 85. Ra2 Rf5+ 86. Kg2 Rc5 87. Ra3+ Kd2 88. Ra8 Rc2 89. Re8 Kd3+ 90. Kg1 Re2 91. Rh8 Re5 92. Kf2 Rf5+ 93. Kg2 Ra5 94. Rd8+ Ke4 95. Re8+ Kd4 96. Rd8+ Rd5 97. Ra8 Re5 98. Ra4+ Kd3 99. Ra3+ Ke4 100. Ra4+ Kf5 101. Kf2 Kg5 102. Ra8 Rf5+ 103. Kg2 Rd5 104. Rf8 Rd2+ 105. Kg1 1/2-1/2

[Event "Australian Masters-B"]
[Site "Melbourne"]
[Date "2014.12.21"]
[Round "9"]
[White "Rujevic, Mirko"]
[Black "Izzat, Kanan Azar"]
[Result "0-1"]
[WhiteElo "2211"]
[BlackElo "2402"]
[PlyCount "56"]
[EventDate "2014.12.13"]
[EventType "tourn"]
[EventRounds "9"]
[EventCountry "AUS"]
[SourceTitle "EXT 2016"]
[Source "ChessBase"]
[SourceDate "2015.10.08"]
[SourceVersion "1"]
[SourceVersionDate "2015.10.08"]
[SourceQuality "1"]

1. e4 c5 2. Nf3 e6 3. d4 cxd4 4. Nxd4 Nc6 5. Nc3 Qc7 6. Be3 a6 7. Be2 Nf6 8. 0-0 Bb4 9. Bd3 Ne5 10. Bf4 d6 11. Nde2 0-0 12. a3 Bc5 13. Bg5 Nfg4 14. h3 Nxf2 15. Rxf2 f5 16. Bh4 g5 17. Bg3 f4 18. Kh1 Bd7 19. Rf1 fxg3 20. Nxg3 Rxf1+ 21. Bxf1 Qb6 22. Rb1 g4 23. Qe2 Rf8 24. b4 Bf2 25. Kh2 Qd4 26. Rb3 Nf3+ 27. gxf3 gxf3 28. Qd3 Bxg3+ 0-1

[Event "Australian Masters-B"]
[Site "Melbourne"]
[Date "2014.12.14"]
[Round "2"]
[White "Smith, Robert Wayne"]
[Black "Rujevic, Mirko"]
[Result "1-0"]
[WhiteElo "2245"]
[BlackElo "2211"]
[PlyCount "101"]
[EventDate "2014.12.13"]
[EventType "tourn"]
[EventRounds "9"]
[EventCountry "AUS"]
[SourceTitle "EXT 2016"]
[Source "ChessBase"]
[SourceDate "2015.10.08"]
[SourceVersion "1"]
[SourceVersionDate "2015.10.08"]
[SourceQuality "1"]

1. e4 e5 2. Nf3 Nc6 3. d4 exd4 4. Nxd4 Nf6 5. Nxc6 bxc6 6. e5 Nd5 7. c4 Bb4+ 8. Bd2 Bxd2+ 9. Qxd2 Ne7 10. Nc3 Ng6 11. f4 0-0 12. Bd3 d6 13. 0-0-0 Bg4 14. Rdf1 dxe5 15. h3 Bc8 16. Bxg6 Qxd2+ 17. Kxd2 hxg6 18. fxe5 Bf5 19. Rd1 Rfe8 20. Rhe1 g5 21. Re3 g4 22. h4 Rad8+ 23. Ke2 Rxd1 24. Nxd1 c5 25. Nc3 Bd7 26. Kf2 Bc6 27. Re2 Rd8 28. e6 fxe6 29. Rxe6 Rd2+ 30. Ke3 Rd6 31. Rxd6 cxd6 32. g3 Kf7 33. Kf4 Bd7 34. Nd5 a5 35. Ne3 Be6 36. Nf5 d5 37. cxd5 Bxd5 38. a3 Be6 39. Ne3 Ke7 40. Nxg4 Kd6 41. Ne3 c4 42. Ke4 Kc5 43. Nd1 g6 44. Nc3 Bf5+ 45. Ke5 Bd3 46. g4 Bc2 47. Ne4+ Bxe4 48. Kxe4 c3 49. bxc3 Kc4 50. h5 gxh5 51. gxh5 1-0

[Event "Australian Masters-B"]
[Site "Melbourne"]
[Date "2013.12.17"]
[Round "4"]
[White "Lee, Wang Sheng"]
[Black "Rujevic, Mirko"]
[Result "0-1"]
[WhiteElo "2254"]
[BlackElo "2220"]
[PlyCount "136"]
[EventDate "2013.12.14"]
[EventType "tourn"]
[EventRounds "9"]
[EventCountry "AUS"]
[SourceTitle "CBM 158 Extra"]
[Source "ChessBase"]
[SourceDate "2014.02.28"]
[SourceVersion "1"]
[SourceVersionDate "2014.02.28"]
[SourceQuality "1"]

1. d4 d6 2. c4 Nf6 3. Nc3 g6 4. e4 Bg7 5. Nf3 0-0 6. Be2 e5 7. 0-0 Nc6 8. d5 Ne7 9. Ne1 Nd7 10. Nd3 c5 11. Rb1 a6 12. Bd2 f5 13. f3 Nf6 14. b4 b6 15. bxc5 bxc5 16. Nf2 Bd7 17. Qb3 Nc8 18. Qb7 Ra7 19. Qb8 Rf7 20. Qb2 Nh5 21. g3 Nf6 22. Qc2 Qf8 23. Rb8 Bh6 24. Qc1 Bxd2 25. Qxd2 Kg7 26. exf5 Bxf5 27. Qb2 h5 28. Nce4 Bxe4 29. fxe4 Qd8 30. Bd3 Qd7 31. Qe2 Ne7 32. Kg2 Nh7 33. Qe3 Rb7 34. Rxb7 Qxb7 35. Rb1 Qc7 36. Qd2 Ng8 37. Bc2 Qd8 38. h4 Ngf6 39. Bd1 Nd7 40. Rb2 Ndf6 41. Ba4 Ng4 42. Nxg4 hxg4 43. Qd1 Nf6 44. Qb1 Qa5 45. Bb3 Qc3 46. Rf2 Qe3 47. Bc2 Nh5 48. Rxf7+ Kxf7 49. Qb3 Qe2+ 50. Kg1 Kf6 51. Qc3 Kg7 52. Qb3 a5 53. a4 Kh6 54. Qc3 g5 55. hxg5+ Kxg5 56. Qxa5 Qxc2 57. Qd8+ Nf6 58. Qxd6 Qd1+ 59. Kh2 Qe2+ 60. Kg1 Qe1+ 61. Kh2 Qf2+ 62. Kh1 Qf1+ 63. Kh2 Qh3+ 64. Kg1 Qxg3+ 65. Kf1 Nxe4 66. Qe7+ Kf4 67. Qf8+ Ke3 68. Qh6+ Kd3 0-1

[Event "Australian Masters-B"]
[Site "Melbourne"]
[Date "2013.12.15"]
[Round "2"]
[White "Smith, Robert Wayne"]
[Black "Rujevic, Mirko"]
[Result "1-0"]
[WhiteElo "2238"]
[BlackElo "2220"]
[PlyCount "91"]
[EventDate "2013.12.14"]
[EventType "tourn"]
[EventRounds "9"]
[EventCountry "AUS"]
[SourceTitle "CBM 158 Extra"]
[Source "ChessBase"]
[SourceDate "2014.02.28"]
[SourceVersion "1"]
[SourceVersionDate "2014.02.28"]
[SourceQuality "1"]

1. e4 e5 2. Nf3 Nc6 3. d4 exd4 4. Bc4 Nf6 5. e5 d5 6. Bb5 Ne4 7. Nxd4 Bd7 8. Bxc6 bxc6 9. 0-0 Bc5 10. f3 Ng5 11. f4 Ne4 12. Be3 Qe7 13. Nc3 Nxc3 14. bxc3 0-0 15. Qd2 Bb6 16. a4 a5 17. Nb3 f6 18. Rae1 fxe5 19. Bxb6 cxb6 20. Rxe5 Qf6 21. c4 dxc4 22. Qxd7 cxb3 23. cxb3 Rf7 24. Qd4 Rb8 25. Rfe1 h6 26. g3 b5 27. Re8+ Rxe8 28. Rxe8+ Rf8 29. Qxf6 gxf6 30. Re6 bxa4 31. bxa4 Rc8 32. Rxf6 c5 33. Kf2 c4 34. Ke2 c3 35. Kd1 Kg7 36. Rd6 Rc4 37. Kc2 Rxa4 38. Kxc3 Ra3+ 39. Kd4 Ra2 40. Ra6 h5 41. Ke5 h4 42. Ra7+ Kg8 43. g4 h3 44. Kf6 Rxh2 45. g5 Rf2 46. Ra8+ 1-0

[Event "Melbourne Malitis Memorial"]
[Site "Melbourne"]
[Date "2013.08.19"]
[Round "6"]
[White "Kalisch, Tom"]
[Black "Rujevic, Mirko"]
[Result "0-1"]
[WhiteElo "1918"]
[BlackElo "2188"]
[PlyCount "66"]
[EventDate "2013.07.15"]
[EventType "swiss"]
[EventRounds "7"]
[EventCountry "AUS"]
[SourceTitle "EXT 2019"]
[Source "ChessBase"]
[SourceDate "2018.10.10"]
[SourceVersion "1"]
[SourceVersionDate "2018.10.10"]
[SourceQuality "1"]

1. e4 e5 2. d4 exd4 3. Qxd4 Nc6 4. Qe3 d6 5. Nc3 Nf6 6. Bd2 Be6 7. h3 d5 8. exd5 Nxd5 9. Nxd5 Qxd5 10. c4 Qe5 11. Qxe5 Nxe5 12. Bc3 Nxc4 13. Nf3 0-0-0 14. Be2 f6 15. 0-0 Nb6 16. Rfc1 Bd6 17. a4 Rhe8 18. Nd4 Bd5 19. Bb5 c6 20. a5 Nc4 21. Ba4 Bf4 22. Re1 g6 23. Bc2 Bd2 24. Bxd2 Nxd2 25. Red1 Nc4 26. b4 Nd6 27. Ba4 Kb8 28. Rac1 a6 29. Bb3 Re5 30. Bxd5 Rxd5 31. Ne6 Re8 32. Rxd5 cxd5 33. Nc7 Rc8 0-1

[Event "Melbourne Malitis Memorial"]
[Site "Melbourne"]
[Date "2013.07.22"]
[Round "2"]
[White "Rujevic, Mirko"]
[Black "Bekker, Gary"]
[Result "1-0"]
[WhiteElo "2188"]
[BlackElo "1837"]
[PlyCount "49"]
[EventDate "2013.07.15"]
[EventType "swiss"]
[EventRounds "7"]
[EventCountry "AUS"]
[SourceTitle "EXT 2019"]
[Source "ChessBase"]
[SourceDate "2018.10.10"]
[SourceVersion "1"]
[SourceVersionDate "2018.10.10"]
[SourceQuality "1"]

1. e4 c5 2. Nc3 d6 3. f4 g6 4. Nf3 Bg7 5. Bc4 e6 6. 0-0 Ne7 7. d3 Nbc6 8. a3 d5 9. Ba2 0-0 10. Qe1 b6 11. Qh4 Bb7 12. f5 exf5 13. exd5 Nd4 14. Bg5 Re8 15. Rae1 Bf8 16. Nxd4 cxd4 17. Qxd4 Qd7 18. Kh1 Nc8 19. Qh4 Nd6 20. Bf6 Rxe1 21. Rxe1 Re8 22. Bb3 Bg7 23. Bxg7 Kxg7 24. Kg1 f6 25. Re6 1-0

[Event "Victoria-ch"]
[Site "Melbourne"]
[Date "2013.06.18"]
[Round "9"]
[White "Hacche, David"]
[Black "Rujevic, Mirko"]
[Result "1/2-1/2"]
[WhiteElo "2042"]
[BlackElo "2188"]
[PlyCount "129"]
[EventDate "2013.05.14"]
[EventType "tourn"]
[EventRounds "11"]
[EventCountry "AUS"]
[SourceTitle "EXT 2014"]
[Source "ChessBase"]
[SourceDate "2013.11.20"]
[SourceVersion "1"]
[SourceVersionDate "2013.11.20"]
[SourceQuality "1"]

1. d4 Nf6 2. Nf3 g6 3. Bg5 Bg7 4. Nbd2 d5 5. e3 0-0 6. Be2 c5 7. c3 Nbd7 8. h3 Re8 9. 0-0 a6 10. a4 b6 11. b4 c4 12. Bf4 h6 13. Ne5 Nxe5 14. Bxe5 Be6 15. Bf3 Rc8 16. Re1 Nh7 17. Bxg7 Kxg7 18. e4 Ng5 19. exd5 Nxf3+ 20. Qxf3 Bxd5 21. Qg3 Qd6 22. Nf1 Qxg3 23. Nxg3 e6 24. a5 bxa5 25. Rxa5 Bb7 26. Nf1 Red8 27. Ne3 Rc7 28. Rea1 f6 29. f4 Re8 30. Rc5 Rxc5 31. bxc5 g5 32. g3 gxf4 33. gxf4 Kh7 34. Rb1 Be4 35. Rb6 a5 36. Ra6 e5 37. fxe5 fxe5 38. Nxc4 exd4 39. cxd4 Re7 40. Ne5 Rb7 41. Kf2 Rb3 42. Rxa5 Rxh3 43. c6 Rc3 44. Ra7+ Kg8 45. c7 Bf5 46. Ng6 Bg4 47. Ne7+ Kf8 48. Nd5 Rd3 49. Ra4 Rd2+ 50. Ke3 Rc2 51. Ra7 h5 52. Nf6 Bc8 53. Nxh5 Ke7 54. Ng3 Kd7 55. Ne4 Rxc7 56. Nc5+ Kd8 57. Ra8 Rc6 58. Ne4 Kc7 59. Ra7+ Kb6 60. Rg7 Be6 61. Rg5 Bc4 62. Nc5 Rh6 63. Kf4 Kc6 64. Ke5 Rd6 65. Ke4 1/2-1/2

[Event "Victoria-ch"]
[Site "Melbourne"]
[Date "2013.05.30"]
[Round "5"]
[White "Zelesco, Karl"]
[Black "Rujevic, Mirko"]
[Result "1/2-1/2"]
[WhiteElo "2130"]
[BlackElo "2188"]
[PlyCount "109"]
[EventDate "2013.05.14"]
[EventType "tourn"]
[EventRounds "11"]
[EventCountry "AUS"]
[SourceTitle "EXT 2014"]
[Source "ChessBase"]
[SourceDate "2013.11.20"]
[SourceVersion "1"]
[SourceVersionDate "2013.11.20"]
[SourceQuality "1"]

1. e4 d5 2. exd5 Nf6 3. d4 Bg4 4. Bb5+ Nbd7 5. Be2 Bxe2 6. Qxe2 Nxd5 7. c4 N5f6 8. Nf3 e6 9. 0-0 Bd6 10. Nc3 0-0 11. c5 Be7 12. b4 c6 13. Bf4 Re8 14. Rab1 b5 15. a4 a6 16. Ne5 Nxe5 17. dxe5 Nd5 18. Nxd5 exd5 19. Rfe1 Bf8 20. a5 Qd7 21. Rb3 Re6 22. h4 Rd8 23. h5 f6 24. Qd2 Qe8 25. Rbe3 d4 26. Re4 d3 27. R4e3 fxe5 28. Bxe5 Qxh5 29. f4 Qf5 30. Qa2 Rd5 31. Rd1 Kf7 32. Qb3 g5 33. Rf3 Ke8 34. Rdxd3 Rxd3 35. Qxd3 Qxd3 36. Rxd3 gxf4 37. Bxf4 Re4 38. Bd2 Bg7 39. Rd6 Rd4 40. Rxd4 Bxd4+ 41. Kf1 Kd7 42. Ke2 Ke6 43. Kd3 Kd5 44. Bc1 Bg1 45. Bg5 h5 46. Bc1 Ke5 47. Bd2 Kf5 48. Be1 Kf4 49. Bh4 Bh2 50. Be1 Bg3 51. Bd2+ Kf5 52. Bc3 Be5 53. Bd2 Bf4 54. Be1 Kg4 55. Bf2 1/2-1/2

[Event "Victoria-ch"]
[Site "Melbourne"]
[Date "2013.05.25"]
[Round "4"]
[White "Rujevic, Mirko"]
[Black "Tan, Justin Hy"]
[Result "0-1"]
[WhiteElo "2188"]
[BlackElo "2322"]
[PlyCount "90"]
[EventDate "2013.05.14"]
[EventType "tourn"]
[EventRounds "11"]
[EventCountry "AUS"]
[SourceTitle "EXT 2014"]
[Source "ChessBase"]
[SourceDate "2013.11.20"]
[SourceVersion "1"]
[SourceVersionDate "2013.11.20"]
[SourceQuality "1"]

1. e4 e6 2. d4 d5 3. Nc3 Bb4 4. e5 Ne7 5. a3 Bxc3+ 6. bxc3 b6 7. Qg4 Ng6 8. Bd3 Ba6 9. Ne2 c5 10. Ng3 Bxd3 11. cxd3 cxd4 12. cxd4 Qh4 13. Qxh4 Nxh4 14. 0-0 Nc6 15. Bb2 Kd7 16. Ne2 Rac8 17. Bc3 h5 18. f3 f6 19. Rac1 Nf5 20. exf6 gxf6 21. g3 Nd6 22. Rfe1 Rce8 23. Kf2 b5 24. Bb4 Nf5 25. Bc5 Rh7 26. Rb1 Rb8 27. Rb2 a6 28. Reb1 Rhh8 29. h3 e5 30. dxe5 fxe5 31. g4 Ng7 32. Rg1 Ne6 33. Bb4 a5 34. Bc3 b4 35. axb4 axb4 36. Bd2 hxg4 37. hxg4 Nc5 38. Nc1 b3 39. Be3 d4 40. Bd2 Rh2+ 41. Rg2 Rh1 42. Ke2 Ne7 43. Bg5 Nd5 44. Rf2 Rxc1 45. Bxc1 Nc3+ 0-1

[Event "Victoria-ch"]
[Site "Melbourne"]
[Date "2013.05.18"]
[Round "2"]
[White "Levi, Eddy"]
[Black "Rujevic, Mirko"]
[Result "1/2-1/2"]
[WhiteElo "2146"]
[BlackElo "2188"]
[PlyCount "126"]
[EventDate "2013.05.14"]
[EventType "tourn"]
[EventRounds "11"]
[EventCountry "AUS"]
[SourceTitle "EXT 2014"]
[Source "ChessBase"]
[SourceDate "2013.11.20"]
[SourceVersion "1"]
[SourceVersionDate "2013.11.20"]
[SourceQuality "1"]

1. e4 e6 2. Nf3 d5 3. Nc3 Nf6 4. e5 Nfd7 5. d4 c5 6. dxc5 Nc6 7. Bf4 Bxc5 8. Bd3 h6 9. h3 a6 10. 0-0 b5 11. Re1 Ne7 12. Ne2 Qb6 13. Bg3 b4 14. c3 a5 15. Ned4 Ba6 16. Bc2 Rc8 17. Rc1 Qa7 18. Bb1 Nb6 19. Nb3 bxc3 20. Nxc5 Rxc5 21. bxc3 Qc7 22. Qd2 Nc4 23. Qf4 Nb6 24. Qd2 Na4 25. Re3 Nc6 26. Ree1 Na7 27. Re3 Nb5 28. Bd3 Nb6 29. Ree1 Bc8 30. Bxb5+ Rxb5 31. Nd4 Rc5 32. Nb3 Nc4 33. Qd4 Rc6 34. Qg4 0-0 35. Nd4 Rb6 36. Bf4 Kh7 37. Rb1 Rxb1 38. Rxb1 Nxe5 39. Qg3 f6 40. Re1 Qc4 41. Bxe5 fxe5 42. Rxe5 Rf6 43. Re2 Rg6 44. Qf3 Qc7 45. Qd3 Qd6 46. Re3 Ba6 47. Qb1 e5 48. Nf5 Qe6 49. g3 e4 50. Nd4 Qb6 51. Qd1 Rf6 52. Ne2 Bxe2 53. Rxe2 Rf3 54. Qxd5 Rxg3+ 55. Kh2 Rxc3 56. Qxe4+ Qg6 57. Qf4 Rxh3+ 58. Kxh3 Qh5+ 59. Kg3 Qxe2 60. Qf5+ Kg8 61. Qc8+ Kf7 62. Qc7+ Kf6 63. Qxa5 Qd3+ 1/2-1/2